• 首页
  • 本馆介绍
  • 公告通知
  • 最新文献
  • 馆藏检索
  • 电子资源
  • 读者导购
  • 参考咨询
  • 我的图书馆
  • 登录
  • 详细信息显示
  • 放入我的书架
  • 预约/预借图书
  • 作者相关作品
  • 分类相关作品
  • 丛书相关作品
  • 出版社相关作品

书目信息

  • 表格格式
  • 工作单格式
  • 卡片格式
题名:
悲剧美学:历史考察与当代阐释
    
 
作者: 郭玉生 著
分册:  
出版信息: 北京   社会科学文献出版社  2006
页数: 26,235页
开本: 21cm
丛书名: 审美文丛
单 册:
中图分类: I01 , B83-05
科图分类:
主题词: 悲剧--文艺美学--研究 , 悲剧 , 文艺美学 , 美学
电子资源:
ISBN: 7-80230-288-9
000 01154oam2 2200313 450
001 1231313203
005 20120928084416.00
010    @a7-80230-288-9@dCNY23.00
100    @a20060104d2006 em y0chiy50 ea
101 0  @achi@deng
102    @aCN@b110000
105    @ay z 000yy
106    @ar
200 1  @a悲剧美学:历史考察与当代阐释@dTragic aesthetics@ehistorical review and contemporary interpret@f郭玉生著@zeng@Abei ju mei xue : li shi kao cha yu dang dai chan shi
210    @a北京@c社会科学文献出版社@d2006
215    @a26,235页@d21cm
225 2  @a审美文丛
330    @a本书联系古今中外的悲剧理论和悲剧作品,论证了实践美学对认识和解决悲剧美学问题的重大意义,并对悲剧美学的重要问题,做出了既有历史广度又有理论深度的阐释。
461  0 @1001002946382
510 1  @aTragic aesthetics@ehistorical review and contemporary interpret@zeng
606 0  @a悲剧@x文艺美学@x研究
606 0  @a悲剧
606 0  @a文艺美学
606 0  @a美学
690    @aI01@v4
690    @aB83-05@v4
701  0 @a郭玉生@f(1973~)@4著@Aguo yu sheng
801  0 @aCN@b大连网信软件有限公司图书馆·11@c20120928
905    @a10447@dB83-05@eJY73
    
    悲剧美学:历史考察与当代阐释=Tragic aesthetics:historical review and contemporary interpret/郭玉生著.-北京:社会科学文献出版社,2006
    26,235页;21cm .-(审美文丛 )
    
    
    ISBN 7-80230-288-9:CNY23.00
    本书联系古今中外的悲剧理论和悲剧作品,论证了实践美学对认识和解决悲剧美学问题的重大意义,并对悲剧美学的重要问题,做出了既有历史广度又有理论深度的阐释。
●
相关链接 在E读中查询图书 在五车中查询图书 在当当中查询图书 在豆瓣中查询图书


正题名:悲剧美学:历史考察与当代阐释     索取号:B83-05/JY73         预约/预借

序号 登录号 条形码 馆藏地/架位号 状态 备注
1 7830086   278300866   学院路分馆/ [索取号:B83-05/JY73] 在馆    
2 7830087   278300875   学院路分馆/ [索取号:B83-05/JY73] 在馆    
唐山师范学院图书馆 欢迎您!
大连网信软件有限公司© 版权所有